000 00555nam a2200205Ia 4500
003 OSt
005 20231025131259.0
008 151021s9999 xx 000 0 und d
040 _aMMU
_beng
_cMMU
_dMMU
050 _aQH 308.2 .E54 2009
245 _aConcepts in Biology/
_cEldon Enger D.
250 _a13th ed.
260 _aNewYork :
_bMcGraw-Hill,
_c2009.
300 _axxii, 682 p. :
_bill. ;
500 _aIncludes index
650 _a_Biology
700 _aFrederick C Ross
942 _2lcc
_cLOAN LOAN
980 _a^d20110705 01:51:32^okorir
999 _c7382
_d7382